Ako komunikuje pravica: komunikačné aktivity vybraných (krajne) pravicových politických strán v Českej republike a na Slovensku pred parlamentnými voľbami v rokoch 2016 a 2017

Analýza komunikačných vzorov strán a ich komunikačné aktivity na vybraných online platformách v období dvoch mesiacov pred parlamentnými voľbami na Slovensku a v Českej republike. Rozbor programových priorít a analýza politickej a marketingovej komunikácie v rámci webových sídel strán.

Guardado en:
Detalles Bibliográficos
Autor principal: Filipec, Ondřej
Otros Autores: Garaj, Michal, Mihalik, Jaroslav
Formato: Capítulo de libro
Lenguaje:eslovaco
Materias:
Etiquetas: Agregar Etiqueta
Sin Etiquetas, Sea el primero en etiquetar este registro!

MARC

LEADER 00000naa a2200000 4500
001 0248394
005 20221104112127.4
041 0 |a slo 
044 |a SK 
245 1 0 |a Ako komunikuje pravica: komunikačné aktivity vybraných (krajne) pravicových politických strán v Českej republike a na Slovensku pred parlamentnými voľbami v rokoch 2016 a 2017  |c Ondřej Filipec, Michal Garaj, Jaroslav Mihalik 
520 |a Analýza komunikačných vzorov strán a ich komunikačné aktivity na vybraných online platformách v období dvoch mesiacov pred parlamentnými voľbami na Slovensku a v Českej republike. Rozbor programových priorít a analýza politickej a marketingovej komunikácie v rámci webových sídel strán. 
610 2 0 |a strany opozičné 
610 2 0 |a strany politické 
610 2 0 |a strany vládne 
610 2 0 |a Slovensko 
610 2 0 |a Česko 
610 2 0 |a komunikácia marketingová 
610 2 0 |a siete sociálne 
610 2 0 |a programy vládne 
100 1 |a Filipec, Ondřej 
700 1 |a Garaj, Michal 
700 1 |a Mihalik, Jaroslav